000 01078cab a2200253 4500
001 ABS53092
008 090401t1995 xxu||||| |||| 00| 0 eng d
035 _a(Sirsi) u1980
041 _aeng
245 _aFacilities management - a big and growing market
260 _c1995
300 _aLoan
350 _a0
490 _aCSM (Chartered Surveyor Monthly)
_vsupplement 4(8) June 1995; 4(9) July/August 1995,
520 _aA series of articles on the growth of the market, the functions of FM, two examples of FM in healthcare, surveyors experiences, the perception of FM by professionals, studying FM by distance learning, a profile of Building and Property, research initiatives, use of FM at Lloyd`s of London. Directory of FM service providers. (July/August CSM reference is a correction note).
650 _aCHURN MANAGEMENT
650 _aFACILITIES MANAGEMENT MARKET
650 _aFACILITIES MANAGEMENT
_96240
650 _aHEALTHCARE SECTOR
650 _aLLOYDS BUILDING
690 _aOFFICE SERVICES AND ADMINISTRATION
942 _n0
948 _c04/03/1997
999 _c1167
_d1167